[Event "Rilton Cup 2013-14"]
[Site "Stockholm SWE"]
[Date "2013.12.27"]
[Round "1.29"]
[White "Johansen, Stian"]
[Black "Ornstein, Axel"]
[Result "1-0"]
[BlackTitle "IM"]
[WhiteElo "2079"]
[BlackElo "2334"]
[WhiteFideId "1508121"]
[BlackFideId "1700111"]
[EventDate "2013.12.27"]

1. d4 Nf6 2. c4 e6 3. Nf3 c5 4. d5 d6 5. Nc3 exd5 6. cxd5 g6 7. Bf4 Bg7 8. Qa4+
Bd7 9. Qb3 Qc7 10. e4 O-O 11. Bd3 Nh5 12. Bg5 f6 13. Be3 f5 14. e5 f4 15. exd6
Qc8 16. Bd2 Re8+ 17. Ne2 Bg4 18. Ng5 Bxe2 19. Bxe2 Be5 20. O-O Bxd6 21. Bxh5
gxh5 22. Qd3 Qd7 23. Rae1 Na6 24. Re6 Nc7 25. Rxd6 Qxd6 26. Qxh7+ Kf8 27. Qf7# 1-0

[Event "Rilton Cup 2013-14"]
[Site "Stockholm SWE"]
[Date "2013.12.27"]
[Round "1.30"]
[White "Furhoff, Johan"]
[Black "Jonsson, Emil"]
[Result "0-1"]
[WhiteTitle "IM"]
[WhiteElo "2318"]
[BlackElo "2076"]
[WhiteFideId "1701797"]
[BlackFideId "1712268"]
[EventDate "2013.12.27"]

1. e4 d6 2. Nc3 Nf6 3. f4 g6 4. Nf3 Bg7 5. Be2 O-O 6. O-O c6 7. d4 Qb6 8. a4 a5
9. e5 Nd5 10. Nxd5 cxd5 11. c3 Bg4 12. Ne1 Bxe2 13. Qxe2 e6 14. Nd3 Nd7 15. Be3
Qa6 16. Rae1 Nb6 17. b3 Rac8 18. Bd2 Nd7 19. g4 Qb6 20. Qd1 f5 21. exf6 Nxf6 22.
Nf2 Rce8 23. Kg2 Qc6 24. Qe2 Nd7 25. Qb5 Qxb5 26. axb5 e5 27. dxe5 dxe5 28. fxe5
Nxe5 29. Re2 Rc8 30. Re3 Rc5 31. Rxe5 Rxf2+ 32. Rxf2 Bxe5 33. b4 Rxb5 34. bxa5
Rxa5 35. c4 Rc5 36. Bh6 Bg7 37. Bxg7 Kxg7 38. Rb2 dxc4 39. Rxb7+ Kf6 40. Kf3 c3
41. Rb1 c2 42. Rc1 Ke5 43. Ke3 Rc6 44. h4 Rc4 45. g5 Rxh4 0-1

[Event "Rilton Cup 2013-14"]
[Site "Stockholm SWE"]
[Date "2013.12.27"]
[Round "1.31"]
[White "Olofsson-Dolk, Mattis"]
[Black "Englert, Fabian"]
[Result "0-1"]
[WhiteElo "2070"]
[BlackElo "2316"]
[WhiteFideId "1715178"]
[BlackFideId "24614467"]
[EventDate "2013.12.27"]

1. e4 c5 2. Nf3 e6 3. d4 cxd4 4. Nxd4 a6 5. Nc3 Qc7 6. Bd3 Bc5 7. Nb3 Be7 8. O-O
d6 9. f4 Nd7 10. Qe2 Ngf6 11. Bd2 O-O 12. Rae1 g6 13. e5 Ne8 14. f5 Nxe5 15. Bh6
gxf5 16. Bxf8 Bxf8 17. Kh1 b5 18. Nd4 Bg7 19. Bxf5 exf5 20. Nxf5 Bxf5 21. Rxf5
Qc4 22. Qd2 Rc8 23. Ref1 Kh8 24. R5f4 Qe6 25. Qf2 d5 26. a4 Nd6 27. Qb6 d4 28.
Ne4 Nxe4 29. Qxe6 fxe6 30. Rxe4 bxa4 31. Rxd4 Nc4 32. Re4 Nd2 33. Rxe6 Nxf1 34.
Rxa6 Rf8 35. Rxa4 Bxb2 36. Rb4 Ne3 37. h3 Rf1+ 38. Kh2 Be5+ 0-1

[Event "Rilton Cup 2013-14"]
[Site "Stockholm SWE"]
[Date "2013.12.27"]
[Round "1.32"]
[White "Jacobsen, Bo"]
[Black "Aroven, Mikael"]
[Result "1/2-1/2"]
[WhiteElo "2302"]
[BlackElo "2045"]
[WhiteFideId "1400738"]
[BlackFideId "1709534"]
[EventDate "2013.12.27"]

1. c4 Nf6 2. g3 c5 3. Bg2 Nc6 4. Nf3 g6 5. O-O Bg7 6. d4 cxd4 7. Nxd4 O-O 8. c5
Nxd4 9. Qxd4 Ne8 10. Qb4 a5 11. Qa3 Ra6 12. Nc3 Nc7 13. Rd1 Kh8 14. Rd3 f5 15.
Be3 e5 16. Rad1 g5 17. Rd6 Rxd6 18. Rxd6 Ne6 19. Nd5 e4 20. Bd2 Nd4 21. Bxa5 Qe8
22. Qe3 Qh5 23. Nc3 Nc6 24. Bc7 Ne5 25. Qc1 f4 26. Nxe4 Qxe2 27. Qd1 f3 28. Nxg5
Qxd1+ 29. Rxd1 fxg2 30. Ne4 Nc6 31. b3 Kg8 32. Kxg2 d5 33. cxd6 Bg4 34. Re1 Bf3+
35. Kf1 Bd4 36. Ng5 Bd5 37. f4 Bc5 38. Rd1 Bf7 39. Ne4 Bb4 40. g4 Be6 41. f5 Bd7
42. Kf2 Kg7 43. Kg3 Re8 44. Kf4 Ba3 45. h3 Re5 46. Nc3 Bb2 47. Nd5 Re2 48. Nb6
Ne5 49. Nxd7 Nxd7 50. Rd5 Be5+ 51. Kf3 Rxa2 52. Rb5 Ra7 53. Ke4 Bg3 54. Kd5 Kf7
55. Ba5 Bf2 56. Bd8 Bg3 57. g5 Ra6 58. Be7 Nb6+ 59. Ke4 Ke8 60. g6 hxg6 61. fxg6
Nc8 62. Rxb7 Nxd6+ 63. Bxd6 Rxd6 64. Kf5 Kf8 65. b4 Kg8 66. b5 Rd5+ 67. Kg4 Bf2 1/2-1/2

[Event "Rilton Cup 2013-14"]
[Site "Stockholm SWE"]
[Date "2013.12.27"]
[Round "1.34"]
[White "Poley, Vladimir"]
[Black "Jogstad, Martin"]
[Result "1-0"]
[WhiteTitle "IM"]
[WhiteElo "2300"]
[BlackElo "1941"]
[WhiteFideId "13500090"]
[BlackFideId "1715364"]
[EventDate "2013.12.27"]

1. Nf3 e6 2. b3 d5 3. d4 Nf6 4. e3 Nbd7 5. Bd3 b6 6. O-O Bb7 7. Bb2 c5 8. Qe2
Be7 9. Nbd2 O-O 10. Ne5 Ne4 11. Nxd7 Qxd7 12. Bxe4 dxe4 13. dxc5 Bxc5 14. Rfd1
Qe7 15. a4 a5 16. Qh5 f5 17. Be5 Ba6 18. Nf1 Rfd8 19. Ng3 Rxd1+ 20. Qxd1 Rd8 21.
Qc1 Bd6 22. Bd4 Bc5 23. Be5 Bd6 24. Bc3 Qc7 25. Bb2 Be5 26. c4 Rd3 27. Qc2 Bxb2
28. Qxb2 Qd6 29. Rc1 Rd2 30. Qc3 Rd3 31. Qb2 Rd2 32. Qa1 Bc8 33. h3 Rd3 34. Qb2
Rd2 35. c5 bxc5 36. Qc3 Rd1+ 37. Rxd1 Qxd1+ 38. Kh2 Qd6 39. Qxa5 Kf7 40. Qa7+
Qe7 41. Qb6 Bb7 42. a5 Bd5 43. a6 c4 44. bxc4 Bxc4 45. a7 Bd5 46. Qd4 Qb7 47.
Nh5 Kf8 48. Nf4 Kf7 49. Nxd5 exd5 50. Qa4 Qa8 51. Qd7+ Kg6 52. Qe6+ Kg5 53. h4+
Kg4 54. Qe5 h6 55. Qf4+ Kh5 56. Qxf5+ g5 57. Kh3 d4 58. g4# 1-0

[Event "Rilton Cup 2013-14"]
[Site "Stockholm SWE"]
[Date "2013.12.27"]
[Round "1.35"]
[White "Bit-Narva, David"]
[Black "Krupenski, Juri"]
[Result "0-1"]
[BlackTitle "FM"]
[WhiteElo "1877"]
[BlackElo "2300"]
[WhiteFideId "24128856"]
[BlackFideId "4501101"]
[EventDate "2013.12.27"]

1. e4 c5 2. Nf3 d6 3. Bc4 Nf6 4. c3 e6 5. d3 Be7 6. O-O Nc6 7. Bb3 O-O 8. Re1 b6
9. Nbd2 Ba6 10. Nf1 Nd7 11. Ne3 Rc8 12. d4 cxd4 13. Nxd4 Nc5 14. Nxc6 Rxc6 15.
Bc2 Rc7 16. Ng4 Bb7 17. e5 dxe5 18. Nxe5 Qxd1 19. Rxd1 f6 20. Nf3 e5 21. b4 Be4
22. Ne1 Bxc2 23. Nxc2 Ne4 24. c4 Nc3 25. Rd3 Ne2+ 26. Kf1 Nxc1 27. Rxc1 Rxc4 28.
Rd7 Kf7 29. Ke2 Rfc8 30. Kd1 Ke6 31. Rxa7 f5 32. Rb7 Bg5 33. Rxb6+ Kf7 0-1

[Event "Rilton Cup 2013-14"]
[Site "Stockholm SWE"]
[Date "2013.12.28"]
[Round "2.3"]
[White "Krasenkow, Michal"]
[Black "Socko, Monika"]
[Result "1-0"]
[WhiteTitle "GM"]
[BlackTitle "GM"]
[WhiteElo "2633"]
[BlackElo "2440"]
[WhiteFideId "1113100"]
[BlackFideId "1106619"]
[EventDate "2013.12.27"]

1. Nf3 Nf6 2. c4 e6 3. d4 b6 4. g3 Bb7 5. Bg2 c5 6. d5 exd5 7. cxd5 Bxd5 8. Nc3
Bc6 9. e4 Nxe4 10. Nxe4 Bxe4 11. Qe2 Qe7 12. O-O Nc6 13. Bf4 f5 14. Rfe1 g6 15.
Ng5 Bxg2 16. Qc4 Be4 17. Nxe4 fxe4 18. Rxe4 Nd4 19. Qd5 Ne6 20. Qxa8+ Kf7 21.
Rd1 Bg7 22. Qxa7 Bd4 23. Qxb6 Qf6 24. Qb7 Rd8 25. h4 h6 26. Rde1 Kg8 27. R1e2 g5
28. hxg5 hxg5 29. Be5 Qf3 30. Qd5 Qf5 31. g4 Qf3 32. Bxd4 cxd4 33. Qf5 Rf8 34.
Qxf3 Rxf3 35. Rd2 Kf7 36. Kg2 Rf6 37. Re5 Rh6 38. a4 Kf6 39. Rxe6+ Kxe6 40. Rxd4
d5 41. a5 Ke5 42. Ra4 d4 43. a6 1-0

[Event "Rilton Cup 2013-14"]
[Site "Stockholm SWE"]
[Date "2013.12.28"]
[Round "2.4"]
[White "Sjodahl, Pontus"]
[Black "Volkov, Sergey"]
[Result "1/2-1/2"]
[WhiteTitle "IM"]
[BlackTitle "GM"]
[WhiteElo "2420"]
[BlackElo "2623"]
[WhiteFideId "1700537"]
[BlackFideId "4122763"]
[EventDate "2013.12.27"]

1. d4 d5 2. c4 c6 3. Nc3 e6 4. e3 Bd6 5. Bd3 f5 6. g4 Nf6 7. gxf5 dxc4 8. Bxc4
exf5 9. Qf3 Qe7 10. Nge2 Nbd7 11. Bd2 Nb6 12. Bb3 Be6 13. Bxe6 Qxe6 14. O-O-O
O-O 15. Kb1 Ne4 16. h4 Nd5 17. Ka1 Nb4 18. Rhg1 a5 19. Qg2 Rf7 20. Nc1 b5 21. h5
Re8 22. d5 Nxd5 23. Nxd5 cxd5 24. Nb3 a4 25. Nd4 Qf6 26. Bc1 b4 27. f3 Nc5 28.
Qg5 Be5 29. Qxf6 Rxf6 30. f4 Bb8 31. Nc2 b3 32. Rxd5 Na6 33. Nd4 Ba7 34. Nxf5 g6
35. hxg6 Rxg6 36. Nh6+ Kh8 37. Rxg6 hxg6 38. axb3 Bxe3 39. Bxe3 Rxe3 40. Rd1
axb3 41. Ng4 Rg3 42. Ne5 Nc5 43. Kb1 Kg7 44. Kc1 Ne4 45. Re1 Nf6 46. Kd2 Nd5 47.
Nd3 Kf6 48. Re8 Rg2+ 49. Re2 Rg4 50. Re4 Rh4 51. Ke2 Rh2+ 52. Nf2 Rh8 53. Kf3
Rb8 54. Rd4 Ke6 55. Ne4 Rb5 56. Rd3 Rb4 57. Nc5+ Kd6 58. Ne4+ Kc6 59. Rd1 Rc4
60. Rd3 Rb4 61. Rd1 Rb8 62. Rc1+ Kb6 63. Rg1 Ne7 64. Kg4 Kc6 65. Rd1 Rb4 66. Kf3
Nf5 67. Ng3 Nh4+ 68. Kg4 Ng2 69. Rc1+ Kd5 70. Ne2 Ke4 71. Rc3 Ne3+ 72. Kg5 Rb5+
73. Kxg6 Nd1 74. Rc6 Kd5 75. Ra6 Rb8 76. f5 Nxb2 77. Ra5+ Ke4 78. f6 Nc4 79. Ra4
Kd5 80. Nc3+ Kd4 81. Nb1 Kd3 82. Ra7 b2 83. f7 Ne5+ 84. Kf6 Nxf7 85. Kxf7 Rh8
86. Ke6 Rh1 87. Na3 Ra1 88. Rb7 Kc3 89. Nb5+ Kd3 90. Na3 Kc3 91. Nb5+ Kc2 92.
Nd4+ Kb1 93. Kd5 Ra5+ 94. Rb5 Ra3 95. Rb8 Ka2 96. Rxb2+ Kxb2 97. Ne6 Kc3 98. Nc5
Ra5 99. Kc6 Kc4 100. Nb7 Ra6+ 101. Kc7 Kd5 102. Nd8 Ra1 103. Nb7 Rc1+ 104. Kb6
Rc6+ 105. Kb5 Rh6 106. Na5 Rg6 107. Nb7 Rg1 108. Kb6 Rc1 109. Na5 Ke6 110. Nb7
Kd7 111. Nc5+ Kd6 112. Nb7+ Kd5 113. Na5 Rc2 114. Nb7 Rc6+ 115. Kb5 Rh6 116. Na5
Rh5 117. Nb7 Kd4+ 118. Kc6 Kc4 119. Nd6+ Kb4 120. Nb7 Rh6+ 121. Nd6 Rh5 122. Nb7
Kc4 123. Nd6+ Kd3 124. Nb7 Kd4 125. Kb6 Kc4 126. Kc6 Rh6+ 127. Nd6+ Kd4 128. Kc7
Kd5 129. Nb7 Rc6+ 130. Kd7 Rc1 131. Nd8 Rh1 132. Kc7 Rh5 133. Nb7 Ke6 134. Kc6
Ke7 135. Nc5 Rg5 136. Nb7 Rg1 137. Nc5 Rd1 138. Nb7 Ke6 139. Nc5+ Ke5 140. Nb7
Rc1+ 141. Kb6 Kd5 142. Na5 Rb1+ 143. Kc7 Rb4 144. Nb7 Rb5 145. Nd8 Ra5 146. Kb6
Ra8 147. Nb7 Rc8 148. Na5 Rb8+ 149. Nb7 Ra8 150. Kc7 Ra6 151. Nd8 Rh6 152. Nb7
Rc6+ 153. Kd7 Rg6 154. Kc7 Rh6 155. Nd8 Rh1 156. Nb7 Rc1+ 157. Kb6 Rc6+ 158. Kb5
Rh6 159. Na5 Rg6 160. Nb7 Kd4 161. Na5 Kc3 162. Nb7 Rg5+ 163. Kc6 Kb4 164. Nd6 1/2-1/2

[Event "Rilton Cup 2013-14"]
[Site "Stockholm SWE"]
[Date "2013.12.28"]
[Round "2.6"]
[White "Bellon Lopez, Juan Manuel"]
[Black "Goganov, Aleksey"]
[Result "0-1"]
[WhiteTitle "GM"]
[BlackTitle "GM"]
[WhiteElo "2382"]
[BlackElo "2581"]
[WhiteFideId "2200031"]
[BlackFideId "24109959"]
[EventDate "2013.12.27"]

1. d4 e6 2. Nf3 c5 3. e3 d5 4. c4 Nf6 5. Nc3 Nc6 6. a3 cxd4 7. exd4 Be7 8. Bd3
dxc4 9. Bxc4 O-O 10. O-O a6 11. Ba2 b5 12. d5 exd5 13. Nxd5 Nxd5 14. Bxd5 Bb7
15. Ne5 Qc7 16. Bf4 Bd6 17. Re1 Bxe5 18. Bxe5 Nxe5 19. Bxb7 Rad8 20. Bd5 Nc4 21.
Qf3 Nxb2 22. Re2 Nc4 23. Rae1 Qc5 24. Bxc4 Qxc4 25. h3 h6 26. Qb7 Rd1 27. Rxd1
Qxe2 28. Rf1 Qe6 29. Rc1 Rd8 30. Qf3 Rd5 31. Qf4 Kh7 32. a4 Qd6 33. Qxf7 Rd1+
34. Rxd1 Qxd1+ 35. Kh2 Qd6+ 36. f4 bxa4 37. Qf5+ Qg6 38. Qc5 Qd3 39. f5 a3 40.
f6 gxf6 41. Qf8 Qb3 42. Qxf6 a2 43. h4 Qd5 44. g4 Kg8 45. Qg6+ Kf8 46. Qxh6+ Ke7
47. Qg7+ Kd6 48. Qf6+ Kc5 49. Qc3+ Qc4 50. Qe5+ Kb4 51. h5 Qc2+ 0-1

[Event "Rilton Cup 2013-14"]
[Site "Stockholm SWE"]
[Date "2013.12.28"]
[Round "2.7"]
[White "Grandelius, Nils"]
[Black "Smirnov, Artem"]
[Result "1-0"]
[WhiteTitle "GM"]
[BlackTitle "IM"]
[WhiteElo "2576"]
[BlackElo "2418"]
[WhiteFideId "1710400"]
[BlackFideId "4143256"]
[EventDate "2013.12.27"]

1. c4 Nf6 2. Nc3 e5 3. Nf3 Nc6 4. g3 Nd4 5. Bg2 Nxf3+ 6. Bxf3 Bb4 7. Qb3 Bc5 8.
O-O O-O 9. Na4 Be7 10. d4 d6 11. Rd1 Nd7 12. Be3 c6 13. Rac1 Qc7 14. Nc3 exd4
15. Bxd4 Nb6 16. Ne4 Be6 17. Qc3 f6 18. b3 Rfd8 19. Qe3 Bf7 20. a4 d5 21. c5 Nc8
22. Nd2 Bf8 23. Qc3 Ne7 24. Bg4 Ng6 25. Bf5 Re8 26. Qd3 Kh8 27. Re1 Ne7 28. Bh3
Ng6 29. f4 Rad8 30. Nf3 Re4 31. Bf5 Ree8 32. h4 Ne7 33. Bxh7 Qd7 34. h5 Qg4 35.
Kf2 Be6 36. Nh4 f5 37. Bg6 Nxg6 38. Nxg6+ Kg8 39. Ne5 1-0

[Event "Rilton Cup 2013-14"]
[Site "Stockholm SWE"]
[Date "2013.12.28"]
[Round "2.8"]
[White "Englert, Fabian"]
[Black "Piorun, Kacper"]
[Result "0-1"]
[BlackTitle "GM"]
[WhiteElo "2316"]
[BlackElo "2560"]
[WhiteFideId "24614467"]
[BlackFideId "1130420"]
[EventDate "2013.12.27"]

1. d4 Nf6 2. c4 g6 3. Nc3 Bg7 4. Nf3 O-O 5. Bg5 d6 6. e3 c6 7. Be2 a6 8. Nd2 b5
9. O-O Nbd7 10. Bf3 Qb6 11. Qe2 Rb8 12. Rfc1 b4 13. Na4 Qc7 14. Bf4 e5 15. Bg3
c5 16. dxc5 Nxc5 17. Nxc5 dxc5 18. Bh4 Re8 19. Bxf6 Bxf6 20. Bd5 Kg7 21. Rd1 Be7
22. e4 h5 23. Nf1 Bg4 24. f3 Bc8 25. Rd3 Bg5 26. Qf2 a5 27. Rad1 Rb6 28. Nd2 a4
29. Nf1 f5 30. exf5 gxf5 31. h4 Bf6 32. Ng3 Rh8 33. Ne2 Qe7 34. Qg3+ Kh6 35. Re3
Qg7 36. Qxg7+ Kxg7 37. g3 Rd8 38. Red3 e4 39. fxe4 Bxb2 40. Kg2 Rbd6 41. Nf4
fxe4 42. Bxe4 Rxd3 43. Nxd3 Bg4 44. Rf1 Bd4 45. Bf3 Be3 46. Bd5 Rf8 47. Re1 Bd4
48. Re7+ Kf6 49. Ra7 a3 50. Nf4 Rb8 51. Ra6+ Ke7 52. Ra7+ Kd6 53. Ra6+ Kc7 54.
Bc6 Bc8 55. Nd5+ Kd6 56. Bb7+ Ke5 57. Bxc8 Rxc8 58. Nf4 Bb2 59. Nxh5 Kd4 60. Nf4
Kxc4 61. Rb6 Be5 62. Ng6 Bc7 63. Rb7 Bd6 64. h5 Rg8 65. Rb6 Kd5 66. Kf3 c4 67.
g4 c3 68. Ke2 Bc5 69. Nf4+ Ke4 70. Rg6 Rd8 71. Ne6 Rd2+ 72. Ke1 Bf2+ 73. Kf1 c2
74. Ng5+ Kd5 0-1

[Event "Rilton Cup 2013-14"]
[Site "Stockholm SWE"]
[Date "2013.12.28"]
[Round "2.9"]
[White "Hillarp Persson, Tiger"]
[Black "Sagit, Rauan"]
[Result "1-0"]
[WhiteTitle "GM"]
[BlackTitle "FM"]
[WhiteElo "2551"]
[BlackElo "2369"]
[WhiteFideId "1700812"]
[BlackFideId "1708376"]
[EventDate "2013.12.27"]

1. Nf3 c5 2. g3 g6 3. Bg2 Bg7 4. O-O Nc6 5. d3 d6 6. a3 Qd7 7. c3 e6 8. b4 Nge7
9. Nfd2 O-O 10. Nb3 Nd5 11. bxc5 Nxc3 12. Nxc3 Bxc3 13. Bh6 Re8 14. Rb1 Bh8 15.
cxd6 Qxd6 16. a4 Bd7 17. Nd2 Rab8 18. Ne4 Qe7 19. Bg5 f6 20. Be3 b6 21. Qd2 Rbc8
22. Rfc1 Na5 23. Bc5 Qd8 24. Bb4 Rxc1+ 25. Qxc1 Nc6 26. Ba3 Nd4 27. Qd1 Bc6 28.
e3 Qa8 29. Bb2 f5 30. Bxd4 Bxd4 31. exd4 fxe4 32. Qc2 e5 33. dxe4 exd4 34. Qc4+
Kg7 35. Qxd4+ Kh6 36. Rc1 Re6 37. e5 Qe8 38. Bxc6 Rxc6 39. Rd1 Qe7 40. h4 Re6
41. Qf4+ Kg7 42. Rd5 Qf7 43. Qd4 Re7 44. h5 Qe6 45. hxg6 hxg6 46. Qd3 Qc6 47.
Rd6 Qc1+ 48. Kg2 Qg5 49. f4 Qg4 50. Qf3 Qf5 51. Qd3 Qg4 52. Qf3 Qf5 53. Qc6 a6
54. Rf6 Qd3 55. Qf3 Qc2+ 56. Kh3 Rf7 57. Rxf7+ Kxf7 58. Qb7+ Kf8 59. Qxb6 Qe4
60. Qd6+ Kg7 61. Qd7+ Kh6 62. Qd1 a5 63. Kh2 Qc4 64. Kg2 Qc6+ 65. Kf2 Qc5+ 66.
Kf3 Qc6+ 67. Ke3 Qc3+ 68. Qd3 Qe1+ 69. Kd4 Qa1+ 70. Kd5 Qxa4 71. e6 Qa2+ 72. Kd6
Qb2 73. e7 Qb8+ 74. Kd7 Qb7+ 75. Ke6 Qc8+ 76. Kf7 1-0

[Event "Rilton Cup 2013-14"]
[Site "Stockholm SWE"]
[Date "2013.12.28"]
[Round "2.10"]
[White "Lintchevski, Daniil"]
[Black "Poley, Vladimir"]
[Result "1/2-1/2"]
[WhiteTitle "GM"]
[BlackTitle "IM"]
[WhiteElo "2541"]
[BlackElo "2300"]
[WhiteFideId "4171055"]
[BlackFideId "13500090"]
[EventDate "2013.12.27"]

1. e4 g6 2. d4 Bg7 3. Nf3 c6 4. Bd3 d5 5. Nbd2 Nh6 6. h3 f6 7. O-O O-O 8. Re1 e6
9. c4 Na6 10. a3 Nc7 11. b4 Nf7 12. Bb2 Re8 13. Qc2 Bd7 14. h4 f5 15. e5 Re7 16.
a4 Be8 17. Nb3 dxc4 18. Bxc4 Nd5 19. Ba3 b6 20. Nc1 Rc7 21. Nd3 Bf8 22. Qb3 a6
23. a5 b5 24. Bxd5 Qxd5 25. Rab1 Nd8 26. Bc1 Qxb3 27. Rxb3 h6 28. Be3 Kh7 29.
Rc1 Rg7 30. Kf1 Be7 31. Ke2 g5 32. hxg5 hxg5 33. Rh1+ Kg8 34. g3 Nf7 35. Rc3 Rh7
36. Rxh7 Kxh7 37. Nc5 Bxc5 38. Rxc5 Kg6 39. Rc1 Rd8 40. Rg1 Bd7 41. Nd2 c5 42.
bxc5 Bc6 43. Nb3 Bd5 44. Rb1 Bc4+ 45. Ke1 Rh8 46. Kd2 Nd8 47. d5 Bxd5 48. Nd4
Nb7 49. c6 Nxa5 50. Ra1 Nc4+ 51. Kc3 Nxe5 52. Rxa6 Rc8 53. Nxb5 Nxc6 54. Nd6 Rd8
55. Nc4 Kf6 56. Na5 Rc8 57. Nxc6 Bxc6 58. Ra5 e5 59. Rc5 f4 60. gxf4 gxf4 61.
Bc1 Ke6 62. Ba3 Rc7 63. Bb4 e4 64. Ba3 e3 65. fxe3 f3 66. Kd2 Rd7+ 67. Ke1 Bb7
68. Bb2 Rh7 69. e4 Rh2 70. Bd4 Re2+ 71. Kf1 Rxe4 72. Bc3 Rh4 73. Re5+ Kd6 74.
Rf5 Rh1+ 75. Kf2 Rh2+ 76. Kg3 Rg2+ 77. Kf4 Re2 78. Kg3 Rg2+ 79. Kf4 f2 80. Ke3
Rg3+ 81. Kxf2 Rxc3 82. Ke2 Bd5 83. Kd2 Ra3 84. Rh5 Kc5 85. Rh8 Kd4 86. Rd8 Ra2+
87. Kd1 Ke4 88. Kc1 Rh2 89. Rd7 Bc4 90. Rd2 Be2 91. Kb2 Ke3 92. Kc3 Rh4 93. Rd8
Rc4+ 94. Kb3 Bd3 95. Rh8 Rc7 96. Kb4 Kd4 97. Rd8+ Ke3 98. Rh8 Rc4+ 99. Kb3 Rc5
100. Kb4 Rc1 101. Rh2 Kd4 102. Rh4+ Be4 103. Rg4 Rb1+ 104. Ka4 Kd5 105. Ka3 Bd3
106. Rb4 Rc1 107. Kb2 Rc2+ 108. Kb3 Rc8 109. Rh4 Bc2+ 110. Kb4 Be4 111. Rh5+ Kd4
112. Rh4 Rb8+ 113. Ka4 Kd3 114. Ka5 Ke3 115. Rg4 Bd3 116. Rb4 Rc8 117. Kb6 Kd2
118. Rg4 Kc3 119. Rg7 Bc4 120. Kb7 Rf8 121. Kc7 Kd4 122. Rg1 Kc5 123. Rc1 Rf7+
124. Kc8 Kd5 125. Kb8 Bb5 126. Rc7 Rf4 127. Rg7 Kc6 128. Rg6+ Kc5 129. Kc7 Rf7+
130. Kd8 Rd7+ 131. Kc8 Bc6 1/2-1/2

[Event "Rilton Cup 2013-14"]
[Site "Stockholm SWE"]
[Date "2013.12.28"]
[Round "2.11"]
[White "Lindgren, Philip"]
[Black "Cramling, Pia"]
[Result "1-0"]
[WhiteTitle "FM"]
[BlackTitle "GM"]
[WhiteElo "2301"]
[BlackElo "2525"]
[WhiteFideId "1713230"]
[BlackFideId "1700030"]
[EventDate "2013.12.27"]

1. d4 Nf6 2. c4 e6 3. g3 Bb4+ 4. Bd2 c5 5. Bxb4 cxb4 6. Bg2 O-O 7. Nf3 d6 8. O-O
a5 9. a3 Na6 10. axb4 Nxb4 11. Nc3 b6 12. Re1 Ba6 13. b3 d5 14. cxd5 Nfxd5 15.
Nxd5 exd5 16. Qd2 Rc8 17. Rac1 Qd6 18. Nh4 Qe6 19. Bf3 Rxc1 20. Rxc1 Rc8 21. Ng2
Rxc1+ 22. Qxc1 Qc8 23. Qf4 g6 24. Ne3 Qe6 25. h4 h5 26. Qg5 Kh7 27. g4 hxg4 28.
Bxg4 Qd6 29. h5 b5 30. Nf5 Qf8 31. Qf6 g5 32. Nd6 Qg7 33. Bf5+ Kg8 34. Qd8+ Qf8
35. Bh7+ 1-0

[Event "Rilton Cup 2013-14"]
[Site "Stockholm SWE"]
[Date "2013.12.28"]
[Round "2.12"]
[White "Semcesen, Daniel"]
[Black "Johansen, Stian"]
[Result "1-0"]
[WhiteTitle "IM"]
[WhiteElo "2488"]
[BlackElo "2079"]
[WhiteFideId "1706993"]
[BlackFideId "1508121"]
[EventDate "2013.12.27"]

1. d4 Nf6 2. c4 c5 3. d5 b5 4. Nf3 bxc4 5. Nc3 d6 6. e4 Ba6 7. e5 dxe5 8. Nxe5
g6 9. Bxc4 Bxc4 10. Nxc4 Bg7 11. O-O O-O 12. Qf3 Nbd7 13. Bg5 Rb8 14. Rad1 Rb4
15. b3 Qc8 16. Rfe1 Re8 17. h3 Qa6 18. Re3 h6 19. Bf4 Nb6 20. Nxb6 axb6 21. Rde1
Qb7 22. Be5 Rd8 23. d6 Qxf3 24. Rxf3 Rd7 25. Kf1 Kf8 26. dxe7+ 1-0

[Event "Rilton Cup 2013-14"]
[Site "Stockholm SWE"]
[Date "2013.12.28"]
[Round "2.13"]
[White "Krupenski, Juri"]
[Black "Hansen, Torbjorn Ringdal"]
[Result "1-0"]
[WhiteTitle "FM"]
[BlackTitle "IM"]
[WhiteElo "2300"]
[BlackElo "2473"]
[WhiteFideId "4501101"]
[BlackFideId "1501720"]
[EventDate "2013.12.27"]

1. d4 Nf6 2. c4 g6 3. Nc3 Bg7 4. e4 d6 5. h3 O-O 6. Bg5 Na6 7. Nf3 Qe8 8. g4 c5
9. Bg2 h5 10. gxh5 Nxh5 11. Qd2 Nb4 12. d5 Bd7 13. O-O f6 14. Be3 g5 15. Ne2 Qg6
16. a3 Na6 17. Ng3 Nc7 18. b4 cxb4 19. axb4 Nf4 20. Bxf4 gxf4 21. Qxf4 Na6 22.
Rab1 Rac8 23. Nf5 Rfe8 24. Rb3 Bxf5 25. exf5 Qh5 26. Nh4 Nb8 27. Rg3 Kh7 28. Bf3
Qh6 29. Qd4 Rg8 30. Kh2 Bh8 31. Rg6 Rxg6 32. fxg6+ Kg8 33. Qe4 1-0

[Event "Rilton Cup 2013-14"]
[Site "Stockholm SWE"]
[Date "2013.12.28"]
[Round "2.14"]
[White "Jonsson, Emil"]
[Black "Tikkanen, Hans"]
[Result "0-1"]
[BlackTitle "GM"]
[WhiteElo "2076"]
[BlackElo "2548"]
[WhiteFideId "1712268"]
[BlackFideId "1706446"]
[EventDate "2013.12.27"]

1. e4 e6 2. d4 d5 3. exd5 exd5 4. Bd3 Nc6 5. Nf3 Bg4 6. c3 Nf6 7. O-O Be7 8. Bg5
h6 9. Bh4 g5 10. Bg3 Ne4 11. Qb3 Rb8 12. Ne5 Nxg3 13. hxg3 Nxe5 14. dxe5 c5 15.
Qa4+ Bd7 16. Bb5 a6 17. Bxd7+ Qxd7 18. Qxd7+ Kxd7 19. Nd2 f5 20. Rad1 Ke6 21. f4
g4 22. Kf2 c4 23. Rh1 b5 24. b4 a5 25. a3 Ra8 26. Ra1 Ra6 27. Ke2 Kf7 28. Rhd1
Rha8 29. Nf1 axb4 30. Rxd5 Rxa3 31. e6+ Kg6 32. Rad1 Ra2+ 33. Ke1 bxc3 34. Ne3
R8a6 35. Re5 Ra1 36. Rxb5 c2 37. Nxc2 Rxe6+ 38. Re5 Rxe5+ 39. fxe5 Ra5 40. Rd4
Rxe5+ 41. Kd2 Rc5 42. Ne3 Bg5 0-1

[Event "Rilton Cup 2013-14"]
[Site "Stockholm SWE"]
[Date "2013.12.28"]
[Round "2.15"]
[White "Blomqvist, Erik"]
[Black "Ask, Josef"]
[Result "1-0"]
[WhiteTitle "GM"]
[WhiteElo "2519"]
[BlackElo "2209"]
[WhiteFideId "1709437"]
[BlackFideId "1704583"]
[EventDate "2013.12.27"]

1. d4 e6 2. Nf3 f5 3. d5 Be7 4. Nc3 Nf6 5. e3 Bb4 6. dxe6 d5 7. Bd3 Bxe6 8. Nd4
Qd7 9. O-O O-O 10. Ncb5 Ne8 11. Nxe6 Qxe6 12. c4 c6 13. Nd4 Qd7 14. cxd5 cxd5
15. Qb3 a5 16. a3 Bc5 17. Bxf5 Qd6 18. Be6+ Kh8 19. Qxd5 Nc6 20. Qxd6 Nxd6 21.
Nf3 a4 22. Bd2 Ne4 23. Rfd1 Be7 24. Bd5 Nxd2 25. Rxd2 Bf6 26. Rc1 Ne7 27. e4
Rac8 28. Rdc2 1-0

[Event "Rilton Cup 2013-14"]
[Site "Stockholm SWE"]
[Date "2013.12.28"]
[Round "2.16"]
[White "Lissang, Christopher"]
[Black "Urkedal, Frode"]
[Result "0-1"]
[BlackTitle "IM"]
[WhiteElo "2240"]
[BlackElo "2492"]
[WhiteFideId "1709615"]
[BlackFideId "1506102"]
[EventDate "2013.12.27"]

1. d4 Nf6 2. c4 g6 3. Nc3 Bg7 4. Nf3 d6 5. Bg5 O-O 6. e3 c5 7. d5 Qa5 8. Nd2 h6
9. Bh4 a6 10. a4 e6 11. Ra3 Re8 12. Be2 exd5 13. cxd5 Ne4 14. O-O Nxd2 15. Qxd2
Nd7 16. Bg3 Ne5 17. Ne4 Qc7 18. Qc1 Bd7 19. b4 c4 20. a5 Rac8 21. Qd2 Bf5 22.
Nc3 Nd3 23. f3 Nxb4 24. e4 Bd7 25. Bf2 Nd3 26. Bb6 Qb8 27. Bxd3 cxd3 28. Rc1 f5
29. Qxd3 Bb5 30. Qe3 fxe4 31. Nxe4 Rxc1+ 32. Qxc1 Rc8 33. Qf4 g5 34. Qf5 Rc1+
35. Kf2 Rc2+ 36. Kg3 Be5+ 37. Kh3 Qe8 38. Qe6+ Qxe6+ 39. dxe6 Bc4 40. Kg4 Bxe6+
41. Kh5 Kg7 42. Nf2 Rc4 0-1